[Event "TCh-CHN 2015"]
[Site "China CHN"]
[Date "2015.10.29"]
[Round "17.1"]
[Board "5"]
[White "Yuan, Ye"]
[Black "Ni, Shiqun"]
[Result "1/2-1/2"]
[BlackTitle "WIM"]
[WhiteElo "2114"]
[BlackElo "2315"]
[WhiteTeam "Qingdao"]
[BlackTeam "Tianjing"]
[WhiteFideId "8608415"]
[BlackFideId "8608466"]
[EventDate "2015.04.10"]

1. d4 Nf6 2. c4 g6 3. Nc3 d5 4. cxd5 Nxd5 5. e4 Nxc3 6. bxc3 Bg7 7. Nf3 c5 8.
Rb1 O-O 9. Be2 cxd4 10. cxd4 Qa5+ 11. Bd2 Qxa2 12. O-O Bg4 13. Rxb7 Bxf3 14.
Bxf3 Bxd4 15. Bb4 Rd8 16. Qc1 Na6 17. Bxe7 Rac8 18. Qf4 Nc5 19. Bxd8 Nxb7 20.
Bf6 Bxf6 21. Qxf6 Qe6 22. Qxe6 fxe6 23. Ra1 Nc5 24. Rxa7 Nxe4 25. g3 Nf6 26. Ra8
Rxa8 27. Bxa8 g5 28. f3 e5 29. Kf2 Kf7 30. Ke3 Ke6 31. h3 Nh5 32. Kf2 Nf6 33.
Ke3 Nh5 34. Kf2 Nf6 35. Ke3 1/2-1/2

[Event "TCh-CHN 2015"]
[Site "China CHN"]
[Date "2015.10.29"]
[Round "17.2"]
[Board "1"]
[White "Zhao, Yuanhe"]
[Black "Zeng, Chongsheng"]
[Result "0-1"]
[BlackTitle "GM"]
[WhiteElo "2217"]
[BlackElo "2541"]
[WhiteTeam "Chengdu"]
[BlackTeam "Guangdong"]
[WhiteFideId "8609497"]
[BlackFideId "8603847"]
[EventDate "2015.04.10"]

1. d4 e6 2. c4 Nf6 3. Nf3 Bb4+ 4. Bd2 Qe7 5. g3 O-O 6. Bg2 Bxd2+ 7. Qxd2 d6 8.
O-O e5 9. Nc3 Re8 10. dxe5 dxe5 11. Nd5 Nxd5 12. cxd5 Nd7 13. Rac1 Nf6 14. Rfd1
e4 15. Ne1 Bg4 16. Nc2 Rad8 17. Ne3 Qe5 18. h3 Be6 19. Rc5 Qh5 20. Rxc7 Bxh3 21.
Rxb7 Bg4 22. Re1 Qg6 23. Rc1 h5 24. Rcc7 Be6 25. dxe6 Rxd2 26. exf7+ Kh7 27.
fxe8=Q Nxe8 28. Re7 Nd6 29. Rbd7 Rxe2 30. Bh3 Qf6 31. Kh1 Rxf2 32. Bg2 Re2 33.
Nd5 Qh6 34. Nf4 Re1+ 35. Kh2 h4 36. Bh3 hxg3+ 37. Kxg3 Re3+ 38. Kg4 Rf3 39. Rxe4
Nxe4 40. Kxf3 Ng5+ 41. Kg3 Nxh3 42. Nxh3 Qe3+ 43. Kg2 a5 44. Rf7 Qd2+ 45. Rf2
Qd5+ 46. Kh2 Qd6+ 47. Kg2 Qd5+ 48. Kh2 Qd6+ 49. Kg2 Kh6 50. b3 g5 51. Ng1 Kh5
52. Ne2 Kh4 53. Ng1 g4 54. Ne2 Qd5+ 55. Kh2 Qd2 56. Kg2 Qxa2 57. Nd4 Qb1 58.
Nf5+ Kg5 59. Ng3 Qxb3 60. Rf5+ Kg6 61. Rxa5 Qf3+ 62. Kh2 Qf2+ 63. Kh1 Qe1+ 0-1

[Event "TCh-CHN 2015"]
[Site "China CHN"]
[Date "2015.10.29"]
[Round "17.2"]
[Board "2"]
[White "Li, Di"]
[Black "Li, Shilong"]
[Result "0-1"]
[WhiteTitle "FM"]
[BlackTitle "GM"]
[WhiteElo "2277"]
[BlackElo "2508"]
[WhiteTeam "Chengdu"]
[BlackTeam "Guangdong"]
[WhiteFideId "8607508"]
[BlackFideId "8600678"]
[EventDate "2015.04.10"]

1. c4 Nf6 2. Nf3 g6 3. Nc3 Bg7 4. d4 O-O 5. e4 d6 6. h3 e5 7. d5 Nh5 8. Nh2 a5
9. g3 Na6 10. Be2 Nf6 11. Ng4 Nd7 12. Nh6+ Kh8 13. h4 Ndc5 14. Bg5 f6 15. Be3 f5
16. h5 f4 17. gxf4 exf4 18. Bd4 g5 19. Bg4 Nb4 20. Rh3 Qe7 21. Kf1 Nxe4 22. a3
Na6 23. Bxc8 Raxc8 24. Ng4 Nac5 25. h6 Bxd4 26. Qxd4+ Nf6 27. Nxf6 Qxf6 28.
Qxf6+ Rxf6 29. Re1 Rf7 30. b4 axb4 31. axb4 Nd7 32. Nb5 Nf6 33. Ra3 Ng8 34. Re6
b6 35. Ra7 Rd7 36. f3 Ne7 37. Nxd6 Rf8 38. Ne4 Nf5 39. Rf6 Ne3+ 40. Ke2 Rc8 41.
Kd3 b5 42. Nc3 bxc4+ 43. Kd4 c5+ 44. bxc5 Rxa7 45. c6 Kg8 46. Ne4 Ra5 47. Nc3
Rd8 48. d6 Rxd6+ 0-1

[Event "TCh-CHN 2015"]
[Site "China CHN"]
[Date "2015.10.29"]
[Round "17.2"]
[Board "3"]
[White "Xu, Xiangyu CHN"]
[Black "Xu, Yinglun"]
[Result "1/2-1/2"]
[WhiteElo "2243"]
[BlackElo "2443"]
[WhiteTeam "Chengdu"]
[BlackTeam "Guangdong"]
[WhiteFideId "8608288"]
[BlackFideId "8604940"]
[EventDate "2015.04.10"]

1. e4 c5 2. Nf3 d6 3. d4 cxd4 4. Nxd4 Nf6 5. f3 e6 6. c4 Nc6 7. Nc3 Be7 8. Be3
O-O 9. Be2 d5 10. exd5 exd5 11. Nxc6 bxc6 12. cxd5 Nxd5 13. Nxd5 cxd5 14. O-O
Bf6 15. Bd4 Rb8 16. b3 Re8 17. Re1 Ba6 18. Bxf6 Qxf6 19. Bxa6 Rxe1+ 20. Qxe1
Qxa6 21. Qe3 h6 22. a4 d4 23. Qxd4 Rxb3 24. Re1 Qb6 25. Qxb6 axb6 26. Re7 Kf8
27. Rb7 Ra3 28. Rb8+ Ke7 29. Rb7+ Kf8 30. Rb8+ Ke7 31. Rb7+ 1/2-1/2

[Event "TCh-CHN 2015"]
[Site "China CHN"]
[Date "2015.10.29"]
[Round "17.2"]
[Board "4"]
[White "Liu, Manli CHN"]
[Black "Ren, Xiaoyi"]
[Result "1/2-1/2"]
[WhiteElo "2033"]
[BlackElo "2211"]
[WhiteTeam "Guangdong"]
[BlackTeam "Chengdu"]
[WhiteFideId "8608121"]
[BlackFideId "8608709"]
[EventDate "2015.04.10"]

1. e4 c5 2. Nf3 e6 3. d4 cxd4 4. Nxd4 Nc6 5. Nc3 Qc7 6. Be3 a6 7. Be2 b5 8. Nxc6
Qxc6 9. Bf3 Bb7 10. O-O Qc7 11. e5 Rc8 12. Bxb7 Qxb7 13. Qd3 f5 14. exf6 Nxf6
15. Bd4 Be7 16. Rad1 O-O 17. Rfe1 b4 18. Ne4 Qb5 19. Nxf6+ Bxf6 20. Bxf6 Qxd3
21. Rxd3 Rxf6 22. Re2 Rc7 23. a3 Rf4 24. g3 Rfc4 25. axb4 Rxb4 26. c3 Rb3 27.
Rd6 Rcb7 28. Red2 Rxb2 29. Rxb2 Rxb2 30. Rxd7 Rc2 31. Rd6 Rxc3 32. Rxa6 Kf7 33.
Kg2 Kf6 34. Rb6 h5 35. h4 g6 36. Ra6 Rb3 1/2-1/2

[Event "TCh-CHN 2015"]
[Site "China CHN"]
[Date "2015.10.29"]
[Round "17.2"]
[Board "5"]
[White "Li, Xueyi"]
[Black "Li, Yunshan"]
[Result "1-0"]
[BlackTitle "WFM"]
[WhiteElo "2190"]
[BlackElo "1916"]
[WhiteTeam "Guangdong"]
[BlackTeam "Chengdu"]
[WhiteFideId "8605912"]
[BlackFideId "8607664"]
[EventDate "2015.04.10"]

1. d4 Nf6 2. c4 g6 3. Nc3 d5 4. cxd5 Nxd5 5. Qb3 Nxc3 6. bxc3 Bg7 7. Ba3 O-O 8.
e3 b6 9. Nf3 c5 10. Be2 Bb7 11. O-O cxd4 12. cxd4 Nc6 13. Rac1 Rc8 14. Rfd1 Bf6
15. Qb1 Na5 16. e4 Qd7 17. e5 Bg7 18. Qb5 Bc6 19. Qb4 Rfe8 20. Ba6 Rcd8 21. d5
Bxd5 22. Bb5 Qb7 23. Bxe8 Rxe8 24. Qb5 Bc6 25. Qe2 Bh6 26. Rc3 a6 27. e6 f5 28.
Bc1 Bg7 29. h4 b5 30. Rcd3 Qa8 31. Bg5 b4 32. Rd7 Bxd7 33. exd7 Rb8 34. Bxe7 Nc6
35. Qe6+ Kh8 36. Ng5 h6 37. Nf7+ Kh7 38. d8=Q Nxd8 39. Nxd8 Qe4 40. Qxe4 fxe4
41. Nc6 Rb7 42. Bd8 Kg8 43. Na5 Rb5 44. Nb3 Kf8 45. Bc7 Ke7 46. Bd6+ Kf7 47. Bf4
Ke7 48. Re1 a5 49. Rxe4+ Kd7 50. Nd4 Rd5 51. Ne6 Bc3 52. Nf8+ Kc6 53. Nxg6 Rd1+
54. Kh2 Ra1 55. Re2 a4 56. Be5 Kd5 57. Bxc3 bxc3 58. Nf4+ Kd4 59. Rc2 Rb1 60.
Kg3 Rb2 61. Ne2+ Kd3 62. Rxc3+ Kxe2 63. Ra3 Rb4 64. f4 Kd2 65. f5 Kc2 66. f6 Kb2
67. f7 1-0

[Event "TCh-CHN 2015"]
[Site "China CHN"]
[Date "2015.10.29"]
[Round "17.3"]
[Board "2"]
[White "Wang, Rui"]
[Black "Lin, Chen"]
[Result "0-1"]
[WhiteTitle "GM"]
[BlackTitle "IM"]
[WhiteElo "2403"]
[BlackElo "2448"]
[WhiteTeam "Heibei"]
[BlackTeam "Jiangsu"]
[WhiteFideId "8601003"]
[BlackFideId "8602298"]
[EventDate "2015.04.10"]

1. d4 Nf6 2. c4 g6 3. Nc3 Bg7 4. e4 d6 5. f3 O-O 6. Be3 Nc6 7. Nge2 a6 8. Qd2
Rb8 9. Rc1 Bd7 10. Nd1 e6 11. g3 Re8 12. Bg2 b5 13. c5 dxc5 14. Rxc5 Bf8 15. Rc1
e5 16. d5 Bb4 17. Ndc3 Na5 18. b3 c5 19. dxc6 Bxc6 20. Qxd8 Rexd8 21. Kf2 Kg7
22. Rhd1 Nb7 23. Ba7 Bc5+ 24. Bxc5 Nxc5 25. Ke3 Ne6 26. Rxd8 Rxd8 27. Nd1 Bxe4
28. fxe4 Ng4+ 29. Kf3 h5 30. Bh3 Ng5+ 31. Kg2 Nxh3 32. Kxh3 Rxd1 33. Rxd1 Nf2+
34. Kg2 Nxd1 35. Kf3 f5 36. Nc1 Kf6 37. exf5 gxf5 38. Ke2 Nc3+ 39. Kd3 Nd5 40.
h4 Ke6 41. a4 Nf6 42. axb5 axb5 43. Kc3 Ne4+ 44. Kb4 Nxg3 45. Kxb5 Kd5 46. b4 f4
47. Ka6 f3 48. Nd3 e4 49. b5 exd3 0-1

[Event "TCh-CHN 2015"]
[Site "China CHN"]
[Date "2015.10.29"]
[Round "17.3"]
[Board "3"]
[White "Zhang, Ziji"]
[Black "Yu, Ruiyuan"]
[Result "1-0"]
[BlackTitle "GM"]
[WhiteElo "2223"]
[BlackElo "2571"]
[WhiteTeam "Heibei"]
[BlackTeam "Jiangsu"]
[WhiteFideId "8609470"]
[BlackFideId "8603090"]
[EventDate "2015.04.10"]

1. c4 c6 2. d4 d5 3. Nc3 Nf6 4. e3 e6 5. Nf3 Nbd7 6. Qc2 Bd6 7. Be2 O-O 8. O-O
dxc4 9. Bxc4 c5 10. dxc5 Bxc5 11. a3 b6 12. b4 Bd6 13. Rd1 Qe7 14. Qd2 Bb8 15.
Bb2 Bb7 16. Be2 Ne5 17. Qd4 Ng6 18. Rac1 e5 19. Qc4 e4 20. Nd4 Rc8 21. Qb3 Qe5
22. g3 Qg5 23. Ne6 Qf5 24. Nd8 Ne5 25. Nxb7 Nfg4 26. Nxe4 1-0

[Event "TCh-CHN 2015"]
[Site "China CHN"]
[Date "2015.10.29"]
[Round "17.3"]
[Board "5"]
[White "Guo, Qi"]
[Black "Wang, Doudou"]
[Result "1-0"]
[WhiteTitle "IM"]
[BlackTitle "WIM"]
[WhiteElo "2443"]
[BlackElo "2205"]
[WhiteTeam "Jiangsu"]
[BlackTeam "Heibei"]
[WhiteFideId "8604002"]
[BlackFideId "8603197"]
[EventDate "2015.04.10"]

1. d4 d5 2. Nf3 Nf6 3. c4 c6 4. e3 e6 5. Nbd2 Nbd7 6. b3 Be7 7. Bb2 O-O 8. Bd3
b6 9. O-O Bb7 10. Rc1 c5 11. Qe2 Ne4 12. cxd5 exd5 13. dxc5 Ndxc5 14. Rfd1 Nxd3
15. Qxd3 Nxd2 16. Qxd2 Rc8 17. Bd4 Qd7 18. Ne5 Qf5 19. Nd3 Bd6 20. a4 Ba6 21.
Ne1 Rxc1 22. Rxc1 Rc8 23. Ra1 Bc5 24. a5 Bb5 25. axb6 axb6 26. Qb2 f6 27. Nf3
Qe6 28. Rc1 Bd7 29. Qa1 Qd6 30. h3 h6 31. Qa6 Rc7 32. Bxc5 Rxc5 33. Qa8+ Qf8 34.
Ra1 Rc1+ 35. Kh2 Rxa1 36. Qxa1 Qd6+ 37. Kg1 Bf5 38. Nd4 Bg6 39. Qa8+ Kh7 40. Qb7
Be4 41. Qc8 Qb4 42. Qc1 Qc5 43. Qa1 Qb4 44. h4 h5 45. Qd1 Kh6 46. Ne2 Qc5 47.
Nf4 g6 48. Qa1 Qc6 49. Qd4 Kg7 50. f3 Bc2 51. b4 Bb3 52. Qd3 Bc2 53. Qxd5 Qc3
54. Ne6+ Kh6 55. Qd4 Qxd4 56. Nxd4 Bd3 57. e4 g5 58. g3 Kg6 59. Kf2 Kf7 60. Ke3
Bf1 61. f4 gxh4 62. gxh4 Bc4 63. Nf5 Kg6 64. Kd4 Be2 65. Ng3 Bb5 66. f5+ Kh6 67.
Kd5 Bd3 68. Ke6 1-0

[Event "TCh-CHN 2015"]
[Site "China CHN"]
[Date "2015.10.29"]
[Round "17.4"]
[Board "1"]
[White "Bu, Xiangzhi"]
[Black "Lu, Shanglei"]
[Result "1/2-1/2"]
[WhiteTitle "GM"]
[BlackTitle "GM"]
[WhiteElo "2681"]
[BlackElo "2570"]
[WhiteTeam "Chongqing"]
[BlackTeam "Zhejiang"]
[WhiteFideId "8601445"]
[BlackFideId "8603332"]
[EventDate "2015.04.10"]

1. c4 f5 2. Nf3 Nf6 3. g3 g6 4. Bg2 d6 5. d4 Bg7 6. O-O O-O 7. Nc3 Qe8 8. d5 Na6
9. Rb1 Nc5 10. Be3 Bd7 11. Qd2 Nfe4 12. Nxe4 Nxe4 13. Qd3 e5 14. dxe6 Qxe6 15.
Ng5 Nxg5 16. Bd5 Nh3+ 17. Kg2 Bc6 18. Kxh3 Bxd5 19. cxd5 Qe7 20. Kg2 g5 21. Bd2
f4 22. gxf4 gxf4 23. Rg1 Kh8 24. Kh1 Be5 25. Rbc1 Rg8 26. Bc3 Rxg1+ 27. Rxg1 Rg8
28. Qc4 Rxg1+ 29. Kxg1 Kg8 30. Bxe5 Qxe5 31. Qxc7 Qg5+ 32. Kf1 Qxd5 33. Ke1 a6
34. f3 h5 35. h4 Kf8 36. Qd7 Qa5+ 37. Kf1 Qd5 38. Ke1 Qa5+ 39. Kf1 Qd5 40. a3
Qd1+ 41. Kf2 Qd4+ 42. Kf1 Qd1+ 43. Kf2 Qd4+ 44. Ke1 b5 45. Qe6 Kg7 46. Qe7+ Kg8
47. Qe8+ Kg7 48. Qxh5 Qxb2 49. Qg5+ Kh7 50. Qf5+ Kg7 51. Qd7+ Kg8 52. Qxd6 Qc1+
53. Kf2 Qe3+ 54. Kf1 Qc1+ 55. Kg2 Qe3 56. Qd3 Qe7 57. Kf1 Qxh4 58. Qg6+ Kf8 59.
Qd6+ Kf7 60. Qc7+ Ke6 61. Qc6+ Ke5 62. Qxa6 Qh1+ 63. Kf2 Qh2+ 64. Ke1 Qg1+ 65.
Kd2 Qd4+ 66. Kc2 Qc4+ 67. Kd2 Qd4+ 68. Ke1 Qg1+ 1/2-1/2

[Event "TCh-CHN 2015"]
[Site "China CHN"]
[Date "2015.10.29"]
[Round "17.4"]
[Board "2"]
[White "Wang, Chen"]
[Black "Lan, Zilun"]
[Result "1-0"]
[WhiteTitle "IM"]
[WhiteElo "2500"]
[BlackElo "2180"]
[WhiteTeam "Chongqing"]
[BlackTeam "Zhejiang"]
[WhiteFideId "8601020"]
[BlackFideId "8604193"]
[EventDate "2015.04.10"]

1. c4 Nf6 2. Nc3 c5 3. Nf3 Nc6 4. e3 g6 5. d4 cxd4 6. exd4 d5 7. cxd5 Nxd5 8.
Qb3 e6 9. Bb5 Bg7 10. Bg5 Qb6 11. Nxd5 exd5 12. Bxc6+ bxc6 13. Qa3 f6 14. O-O
Kf7 15. Bf4 Qb7 16. Rfe1 Bf8 17. Bd6 Bxd6 18. Qxd6 Bg4 19. Rac1 Rac8 20. Nd2 Qd7
21. Qc5 Rhe8 22. Nb3 Rxe1+ 23. Rxe1 Be6 24. Re3 Qb7 25. h3 Re8 26. Na5 Qxb2 27.
Nxc6 Qb1+ 28. Kh2 Qxa2 29. Qd6 Qxf2 30. Rxe6 Rxe6 31. Nd8+ 1-0

[Event "TCh-CHN 2015"]
[Site "China CHN"]
[Date "2015.10.29"]
[Round "17.4"]
[Board "3"]
[White "Zhou, Weiqi"]
[Black "Xu, Minghui"]
[Result "1/2-1/2"]
[WhiteTitle "GM"]
[WhiteElo "2627"]
[BlackElo "2229"]
[WhiteTeam "Chongqing"]
[BlackTeam "Zhejiang"]
[WhiteFideId "8601674"]
[BlackFideId "8606790"]
[EventDate "2015.04.10"]

1. c4 Nf6 2. Nc3 c5 3. g3 g6 4. Bg2 Bg7 5. e3 O-O 6. Nge2 Nc6 7. O-O d6 8. d4
Bg4 9. d5 Na5 10. h3 Bd7 11. Qd3 Rb8 12. Rb1 Ne8 13. b3 Nc7 14. a4 a6 15. b4
cxb4 16. Rxb4 Na8 17. e4 Qc7 18. Be3 Rbc8 19. Rfb1 b6 20. Bxb6 Nxb6 21. Rxb6 Ra8
22. R6b4 Rfc8 23. Nd4 Rab8 24. Bf1 Rxb4 25. Rxb4 Qc5 26. Nc2 Nxc4 27. Rxc4 Qxc4
28. Qxc4 Rxc4 29. Bxc4 Bxc3 30. Bxa6 Bxa4 1/2-1/2

[Event "TCh-CHN 2015"]
[Site "China CHN"]
[Date "2015.10.29"]
[Round "17.4"]
[Board "4"]
[White "Ding, Yixin"]
[Black "Huang, Qian"]
[Result "1/2-1/2"]
[WhiteTitle "WGM"]
[BlackTitle "WGM"]
[WhiteElo "2434"]
[BlackElo "2473"]
[WhiteTeam "Zhejiang"]
[BlackTeam "Chongqing"]
[WhiteFideId "8602972"]
[BlackFideId "8602689"]
[EventDate "2015.04.10"]

1. e4 e6 2. d4 d5 3. exd5 exd5 4. Bd3 Bd6 5. Ne2 Ne7 6. Bf4 Bf5 7. O-O O-O 8. c3
c6 9. Bxd6 Qxd6 10. Ng3 Bxd3 11. Qxd3 Nd7 12. Nd2 Qg6 13. Qxg6 hxg6 14. Rfe1
Rfe8 15. Re3 Nf5 16. Nxf5 gxf5 17. Rae1 Kf8 18. Nb3 Rxe3 19. Rxe3 b6 20. Nc1 Re8
21. Rxe8+ Kxe8 22. Kf1 Ke7 23. Ke2 g5 24. g3 Kf6 25. Ke3 Nf8 26. Nd3 Nd7 27. Nb4
Nb8 28. Nd3 Nd7 29. Nb4 Nb8 30. Nd3 Nd7 31. Nb4 1/2-1/2

[Event "TCh-CHN 2015"]
[Site "China CHN"]
[Date "2015.10.29"]
[Round "17.4"]
[Board "5"]
[White "Qiu, Mengjie"]
[Black "Tan, Zhongyi"]
[Result "0-1"]
[WhiteTitle "WFM"]
[BlackTitle "WGM"]
[WhiteElo "2122"]
[BlackElo "2487"]
[WhiteTeam "Zhejiang"]
[BlackTeam "Chongqing"]
[WhiteFideId "8606137"]
[BlackFideId "8603642"]
[EventDate "2015.04.10"]

1. e4 c5 2. Nf3 Nc6 3. Nc3 Nf6 4. d4 cxd4 5. Nxd4 Qb6 6. Nb3 e6 7. Bd3 Be7 8.
Be3 Qc7 9. f4 d6 10. O-O a6 11. a4 b6 12. Qe2 O-O 13. Rac1 Nb4 14. Rf3 e5 15. f5
Bb7 16. Rg3 Kh8 17. Qf2 b5 18. axb5 axb5 19. Nxb5 Qb8 20. Ba7 Qc8 21. Nc3 Ba6
22. Bxa6 Qxa6 23. Be3 Rfc8 24. Bg5 h6 25. Bxf6 Bxf6 26. Rh3 Bd8 27. Qd2 Kg8 28.
Rd1 Bg5 29. Qxd6 Qa7+ 30. Kh1 Nxc2 31. Nd5 Qf2 32. Qxe5 Ne1 0-1

[Event "TCh-CHN 2015"]
[Site "China CHN"]
[Date "2015.10.29"]
[Round "17.5"]
[Board "3"]
[White "Wang, Yiye"]
[Black "Bai, Jinshi"]
[Result "1/2-1/2"]
[WhiteTitle "IM"]
[BlackTitle "IM"]
[WhiteElo "2433"]
[BlackElo "2518"]
[WhiteTeam "Beijing"]
[BlackTeam "Hangzhou"]
[WhiteFideId "8606021"]
[BlackFideId "8602280"]
[EventDate "2015.04.10"]

1. b3 e5 2. Bb2 Nc6 3. e3 g6 4. Nf3 Bg7 5. c4 Nge7 6. Nc3 d5 7. cxd5 Nxd5 8.
Nxd5 Qxd5 9. Bc4 Qd6 10. Ng5 O-O 11. Ne4 Qe7 12. O-O Bf5 13. Ng3 Be6 14. Qc1
Rfd8 15. Ne4 b6 16. f4 Bxc4 17. Qxc4 Na5 18. Qc3 f5 19. b4 fxe4 20. bxa5 exf4
21. Qb3+ Kh8 22. Rxf4 Rxd2 23. Bxg7+ Qxg7 24. Raf1 Qb2 25. Rf8+ Rxf8 26. Rxf8+
Kg7 27. Qf7+ Kh6 28. Qf4+ Kg7 29. Qf7+ Kh6 30. Qf4+ 1/2-1/2

[Event "TCh-CHN 2015"]
[Site "China CHN"]
[Date "2015.10.29"]
[Round "17.5"]
[Board "5"]
[White "Girya, Olga"]
[Black "Wang, Jue"]
[Result "0-1"]
[WhiteTitle "WGM"]
[BlackTitle "WGM"]
[WhiteElo "2464"]
[BlackElo "2365"]
[WhiteTeam "Hangzhou"]
[BlackTeam "Beijing"]
[WhiteFideId "4195752"]
[BlackFideId "8604070"]
[EventDate "2015.04.10"]

1. d4 Nf6 2. Nf3 g6 3. Bg5 Bg7 4. Nbd2 c5 5. Bxf6 Bxf6 6. Ne4 Bxd4 7. Nxd4 cxd4
8. Qxd4 O-O 9. Nc3 Nc6 10. Qd2 Qb6 11. e4 Qxb2 12. Rb1 Qa3 13. h4 d6 14. h5 Be6
15. Be2 Rac8 16. hxg6 fxg6 17. O-O Qc5 18. Nd5 Bxd5 19. exd5 Nd4 20. c4 Rc7 21.
Bd3 Nf5 22. Bxf5 Rxf5 23. Rfc1 a6 24. a4 Re5 25. Qd3 e6 26. dxe6 Rxe6 27. Qf3
Rf7 28. Qg3 Re2 29. Rf1 Rd2 30. Rbc1 Qd4 31. a5 Kg7 32. Qc3 Qxc3 33. Rxc3 Rf5
34. Rb3 Rxa5 35. Rxb7+ Kh6 36. Re1 Rf5 37. f3 Rg5 38. g4 Rc5 39. Ra7 Rxc4 40.
Rxa6 Kg5 41. Ra7 h6 42. Rg7 Rcc2 43. f4+ Kf6 44. Rg8 Rg2+ 45. Kh1 Rh2+ 46. Kg1
Rcg2+ 47. Kf1 Rf2+ 48. Kg1 Rhg2+ 49. Kh1 Rxg4 50. Rd1 Rfxf4 51. Rxd6+ Kf5 52.
Re8 Kg5 53. Ree6 Kh5 54. Rd5+ Rg5 55. Rxg5+ Kxg5 56. Kg2 h5 57. Ra6 Rb4 58. Rc6
Rb2+ 59. Kg3 h4+ 60. Kh3 Rb3+ 61. Kh2 Kh5 62. Rc5+ g5 63. Rc2 Rb5 64. Ra2 g4 65.
Kg2 h3+ 66. Kh2 Kh4 67. Ra4 Rb2+ 68. Kg1 Rg2+ 69. Kh1 Rf2 70. Kg1 Rd2 71. Rb4
Kg3 72. Rb3+ Kf4 73. Ra3 g3 74. Ra1 Re2 75. Kf1 Kf3 76. Kg1 Re3 77. Rf1+ Kg4 78.
Ra1 h2+ 79. Kh1 Kh3 0-1

[Event "TCh-CHN 2015"]
[Site "China CHN"]
[Date "2015.10.29"]
[Round "17.6"]
[Board "1"]
[White "Lou, Yiping"]
[Black "Zhao, Jun"]
[Result "1/2-1/2"]
[WhiteTitle "IM"]
[BlackTitle "GM"]
[WhiteElo "2453"]
[BlackElo "2621"]
[WhiteTeam "Shanghai"]
[BlackTeam "Shandong"]
[WhiteFideId "8603928"]
[BlackFideId "8602522"]
[EventDate "2015.04.10"]

1. d4 Nf6 2. c4 e6 3. Nf3 b6 4. g3 Bb7 5. Bg2 Be7 6. O-O O-O 7. Nc3 Ne4 8. Nxe4
Bxe4 9. Ne1 Bxg2 10. Nxg2 d5 11. Qa4 Qe8 12. Qxe8 Rxe8 13. cxd5 exd5 14. Nf4 c6
15. Be3 Bd6 16. Nd3 a5 17. Rac1 f6 18. Rc2 Kf7 19. Rfc1 Ke7 20. f3 Kd7 21. Kf2
Ra7 22. g4 g5 23. h4 h6 24. Rh1 Ke6 25. Bd2 Rf7 26. a4 Kd7 27. b4 axb4 28. Bxb4
Bxb4 29. Nxb4 Kd6 30. Na2 f5 31. hxg5 hxg5 32. gxf5 Rxf5 33. Rh6+ Re6 34. Rh8
Kc7 35. Kg3 Nd7 36. Rh7 Kd6 37. Nc3 Nf6 38. Rb7 g4 39. Rxb6 gxf3 40. exf3 Re3
41. Rxc6+ Kd7 42. Rc7+ Kd8 43. Rc8+ Kd7 44. Rc7+ Kd8 45. Rc8+ 1/2-1/2

[Event "TCh-CHN 2015"]
[Site "China CHN"]
[Date "2015.10.29"]
[Round "17.6"]
[Board "2"]
[White "Ni, Hua"]
[Black "Liu, Qingnan"]
[Result "1-0"]
[WhiteTitle "GM"]
[BlackTitle "IM"]
[WhiteElo "2704"]
[BlackElo "2510"]
[WhiteTeam "Shanghai"]
[BlackTeam "Shandong"]
[WhiteFideId "8601160"]
[BlackFideId "8603294"]
[EventDate "2015.04.10"]

1. d4 f5 2. Nc3 c5 3. dxc5 Qa5 4. e4 fxe4 5. Bd2 Qxc5 6. Nxe4 Qd5 7. Bd3 Nc6 8.
Nf3 d6 9. Qe2 Kd8 10. h3 Bf5 11. O-O h6 12. Rfe1 Nf6 13. Nxf6 gxf6 14. Bc4 Qc5
15. Be3 Qa5 16. Rad1 Bd7 17. Bd5 Nb4 18. Bb3 Qh5 19. a3 Nc6 20. Bf4 Kc7 21. Be6
Rd8 22. c4 Rh7 23. c5 Bxe6 24. cxd6+ exd6 25. Qxe6 Qf7 26. Qf5 Qd7 27. Re6 Rf7
28. Nd4 Nxd4 29. Rxd4 Kb8 30. Rexd6 Bxd6 31. Rxd6 Qxd6 32. Bxd6+ Rxd6 33. Qf4
Rd7 34. Qxh6 Rb6 35. h4 a5 36. h5 Rb5 37. Qf4+ Ka7 38. g4 1-0

[Event "TCh-CHN 2015"]
[Site "China CHN"]
[Date "2015.10.29"]
[Round "17.6"]
[Board "3"]
[White "Zhou, Jianchao"]
[Black "Wen, Yang"]
[Result "1-0"]
[WhiteTitle "GM"]
[BlackTitle "GM"]
[WhiteElo "2578"]
[BlackElo "2573"]
[WhiteTeam "Shanghai"]
[BlackTeam "Shandong"]
[WhiteFideId "8603537"]
[BlackFideId "8602956"]
[EventDate "2015.04.10"]

1. d4 d6 2. Nf3 Nf6 3. c4 g6 4. Nc3 Bf5 5. Nh4 Bd7 6. e4 Bg7 7. Nf3 O-O 8. Be2
c5 9. d5 e5 10. Bg5 Na6 11. Nd2 h6 12. Bh4 h5 13. Bg5 Qe8 14. Nb5 Bxb5 15. cxb5
Nc7 16. a4 Nh7 17. Be3 f5 18. Nc4 Rd8 19. f3 Nf6 20. Qd3 Kh7 21. O-O h4 22. b4
cxb4 23. Bxa7 Nh5 24. Qb3 Qe7 25. Qxb4 Bh6 26. Be3 Ng3 27. Bxh6 Kxh6 28. Qd2+
Kg7 29. Rfc1 fxe4 30. hxg3 hxg3 31. Ne3 Rd7 32. Nf1 Qh4 33. Qe1 exf3 34. Bxf3
Nxd5 35. Nxg3 Rh8 1-0

[Event "TCh-CHN 2015"]
[Site "China CHN"]
[Date "2015.10.29"]
[Round "17.6"]
[Board "4"]
[White "Xiao, Yiyi"]
[Black "Zhang, Xiaowen"]
[Result "1/2-1/2"]
[WhiteTitle "WFM"]
[BlackTitle "WGM"]
[WhiteElo "2218"]
[BlackElo "2349"]
[WhiteTeam "Shandong"]
[BlackTeam "Shanghai"]
[WhiteFideId "8606161"]
[BlackFideId "8603219"]
[EventDate "2015.04.10"]

1. d4 Nf6 2. c4 e6 3. g3 d5 4. Bg2 dxc4 5. Nf3 c5 6. O-O Nc6 7. dxc5 Qxd1 8.
Rxd1 Bxc5 9. Nbd2 c3 10. bxc3 O-O 11. Ne1 Rd8 12. Nd3 Be7 13. Nb3 Nd5 14. Bb2 f6
15. Ndc5 Ne5 16. Rab1 Nc4 17. Rd4 Nxb2 18. Rxb2 Nxc3 19. Rxd8+ Bxd8 20. Nxb7
Bxb7 21. Bxb7 Rb8 22. Bf3 Nxa2 23. Rxa2 Rxb3 24. Rxa7 Rb8 25. Kg2 Kf8 26. Be4 f5
27. Bc6 Be7 28. Ra8 Rxa8 29. Bxa8 Kf7 30. e4 Kf6 31. exf5 1/2-1/2

[Event "TCh-CHN 2015"]
[Site "China CHN"]
[Date "2015.10.30"]
[Round "18.1"]
[Board "1"]
[White "Fang, Yuxiang"]
[Black "Lou, Yiping"]
[Result "1/2-1/2"]
[BlackTitle "IM"]
[WhiteElo "2437"]
[BlackElo "2453"]
[WhiteTeam "Qingdao"]
[BlackTeam "Shanghai"]
[WhiteFideId "8605840"]
[BlackFideId "8603928"]
[EventDate "2015.04.10"]

1. Nf3 g6 2. c4 Bg7 3. d4 Nf6 4. g3 c6 5. Bg2 d5 6. Qb3 O-O 7. O-O Qb6 8. Nc3
Bf5 9. h3 h6 10. Qa3 Re8 11. c5 Qa6 12. Qxa6 Nxa6 13. g4 Bc8 14. Bf4 b6 15. Ne5
bxc5 16. Nxc6 cxd4 17. Nxd5 Nxd5 18. Bxd5 Bb7 19. Bf3 e5 20. Nxe5 Bxf3 21. Nxf3
Rxe2 22. Bd2 d3 23. Rac1 Rb8 24. b3 Nb4 25. Rc7 Nxa2 26. Rxa7 Nc3 27. Rd7 Rxb3
28. Rxd3 Re8 29. Bxc3 Rxc3 30. Rxc3 Bxc3 1/2-1/2

[Event "TCh-CHN 2015"]
[Site "China CHN"]
[Date "2015.10.30"]
[Round "18.1"]
[Board "3"]
[White "Mu, Ke"]
[Black "Zhou, Jianchao"]
[Result "0-1"]
[BlackTitle "GM"]
[WhiteElo "2392"]
[BlackElo "2578"]
[WhiteTeam "Qingdao"]
[BlackTeam "Shanghai"]
[WhiteFideId "8602778"]
[BlackFideId "8603537"]
[EventDate "2015.04.10"]

1. d4 Nf6 2. c4 e6 3. Nc3 d5 4. Nf3 c6 5. g3 dxc4 6. Bg2 b5 7. Ne5 a6 8. O-O Bb7
9. Bg5 Be7 10. a4 Nd5 11. Bxe7 Qxe7 12. e4 Nxc3 13. bxc3 Nd7 14. f4 Nxe5 15.
fxe5 O-O 16. Qh5 c5 17. Rf4 cxd4 18. cxd4 Rad8 19. axb5 axb5 20. Raf1 Rxd4 21.
Rh4 h6 22. Rg4 Qc5 23. Kh1 f5 24. exf5 Bxg2+ 25. Kg1 Qd5 0-1